MARC

LEADER 00000nam0a2200000 4500
001 298989
005 20231102001147.0
035 |a (RuTPU)RU\TPU\book\324140 
090 |a 298989 
100 |a 20150624d1982 km y0rusy50 ca 
101 0 |a rus 
102 |a RU 
105 |a a z 001zy 
200 1 |a Исследование массива горных пород методами фотомеханики  |f Академия наук СССР (АН СССР), Институт горного дела им. А. А. Скочинского (ИГД) ; под ред. Н. Ф. Кусова 
210 |a Москва  |c Наука  |d 1982 
215 |a 271 с.  |c ил. 
320 |a Библиогр.: с. 262-269 
606 1 |a Горное давление  |x Поляризационно-оптические исследования  |2 stltpush  |3 (RuTPU)RU\TPU\subj\7559  |9 35168 
606 1 |a Горное давление  |x Исследование  |x Измерение  |x Определение  |2 stltpush  |3 (RuTPU)RU\TPU\subj\7554  |9 35165 
610 1 |a горные массивы 
610 1 |a фотомеханика 
610 1 |a методы 
610 1 |a интерферометрия 
610 1 |a оптически-чувствительные материалы 
610 1 |a применение 
610 1 |a моделирование 
610 1 |a горные выработки 
610 1 |a статическое нагружение 
610 1 |a напряженно-деформированное состояние 
675 |a 622.831.1  |v 4 
702 1 |a Кусов  |b Н. Ф.  |4 340 
712 0 2 |a Академия наук СССР (АН СССР)  |b Институт горного дела им. А. А. Скочинского (ИГД)  |c (Люберцы)  |2 stltpush  |3 (RuTPU)RU\TPU\col\11351 
801 1 |a RU  |b 63413507  |c 20150624 
801 2 |a RU  |b 63413507  |c 20180613  |g RCR 
942 |c BK